| Tag |
First Indicator |
Second Indicator |
Subfields |
| LEADER |
00000cam a2200000Ii 4500 |
| 001 |
in00004350045 |
| 008 |
190718s2020 enka b 001 0 eng d |
| 005 |
20250318223738.5 |
| 020 |
|
|
|a 9781848222618
|
| 020 |
|
|
|a 1848222610
|q hardcover
|
| 035 |
|
|
|a (OCoLC)on1108790616
|
| 035 |
|
|
|a (OCoLC)1108790616
|
| 040 |
|
|
|a YDX
|b eng
|e rda
|c YDX
|d BDX
|d ERASA
|d OCLCQ
|d YDXIT
|d UKMGB
|d OCLCF
|d ZVP
|d UtOrBLW
|
| 050 |
|
4 |
|a NK2715
|b .D37 2020
|
| 082 |
0 |
4 |
|a 749.32
|2 23
|
| 082 |
0 |
4 |
|a 745.4
|
| 100 |
1 |
|
|a Darby, Elisabeth,
|d 1951-
|e author.
|0 http://id.loc.gov/authorities/names/n82221207
|
| 245 |
1 |
0 |
|a Re-issue, re-imagine, re-make :
|b appropriation in contemporary furniture design /
|c Elisabeth Darby.
|
| 264 |
|
1 |
|a London :
|b Lund Humphries,
|c 2020.
|
| 300 |
|
|
|a 152 pages :
|b illustrations (black and white, and color) ;
|c 26 cm
|
| 336 |
|
|
|a text
|b txt
|2 rdacontent
|
| 336 |
|
|
|a still image
|b sti
|2 rdacontent
|
| 337 |
|
|
|a unmediated
|b n
|2 rdamedia
|
| 338 |
|
|
|a volume
|b nc
|2 rdacarrier
|
| 504 |
|
|
|a Includes bibliographical references and index.
|
| 505 |
0 |
0 |
|g 1.
|t Defining the design icon --
|g 2.
|t Producing the icon --
|g 3.
|t Companies and the re-imagining of the icon --
|g 4.
|t Re-imagining and re-making the icon --
|g 5.
|t The 'anonymous' made famous --
|g 6.
|t The consumer as designer and maker.
|
| 520 |
8 |
|
|a In recent years, there has been a great deal of interest in "design classics", both in their increased availability and affordability through re-issues, and in their widespread re-interpretation by contemporary designers and artists. Focusing on chairs, this book examines this significant aspect of contemporary design practice. It does so, not only in terms of works by well-known designers, but also relative to ubiquitous designs such as the monobloc, Thonet number 14, and Ming chairs. These varied examples of re-imagining and re-working are examined from an international perspective as designers and artists across the globe seek to bring new formal, material, and narrative interpretations to these iconic designs.00Renewed interest in do-it-yourself, together with the growth of hacking, open-source design and digital fabrication, have all contributed to an expansion of the concepts of re-imagine and re-make in the new millennium. Embraced by professionals, amateurs and companies alike, these developments further attest to the diverse practice of re-interpretation in contemporary design.
|
| 650 |
|
0 |
|a Chair design.
|0 http://id.loc.gov/authorities/subjects/sh85022347
|
| 650 |
|
0 |
|a Chairs.
|0 http://id.loc.gov/authorities/subjects/sh85022351
|
| 650 |
|
7 |
|a Chair design.
|2 fast
|0 (OCoLC)fst00851800
|
| 650 |
|
7 |
|a Chairs.
|2 fast
|0 (OCoLC)fst00851811
|
| 852 |
8 |
|
|b pda,print
|z This title is available for the library to purchase for your use. Click the "Purchase It For Me" button to place a request. This item may take 5-10 business days to arrive.
|
| 955 |
|
|
|a Print PDA title
|
| 961 |
|
|
|m 565730
|
| 999 |
f |
f |
|s c7181059-f041-4a71-a7b9-73e986d8ddaa
|i 8e533d2e-8970-3fc4-8031-64c004cc97d5
|t 0
|
| 952 |
f |
f |
|a Texas A&M University
|b College Station
|c Sterling C. Evans Library
|d Purchase on Demand
|t 0
|e NK2715 .D37 2020
|h Library of Congress classification
|
| 998 |
f |
f |
|a NK2715 .D37 2020
|t 0
|l Purchase on Demand
|